Statistiken für Zufällige Amerikanische Flagge zum Land

Klicken Sie hier um das Quiz zu spielen!

Allgemein

  • Dieses Quiz wurde 4.333 mal gespielt
    (4.207 seit der letzten Aktualisierung)
  • Das Durchschnittsergebnis liegt bei 6 aus 8

Antwortstatistiken

Antwort% Korrekt
Brasilien
98%
Kanada
98%
Argentinien
97%
Vereinigte Staaten
97%
Mexiko
96%
Jamaika
95%
Uruguay
94%
Chile
92%
Kolumbien
90%
Peru
89%
Venezuela
89%
Panama
88%
Kuba
85%
Ecuador
84%
Honduras
82%
Costa Rica
79%
Haiti
78%
Barbados
75%
Bolivien
71%
Bahamas
70%
Dominikanische Republik
70%
Paraguay
70%
El Salvador
69%
St. Lucia
69%
Trinidad und Tobago
69%
Antigua und Barbuda
68%
Dominica
65%
Guatemala
65%
Nicaragua
65%
Belize
64%
Suriname
62%
Guyana
60%
Grenada
59%
St. Vincent und die Grenadinen
58%
St. Kitts und Nevis
57%

Verteilung der Resultate

Perzentil nach korrekt beantworteten Fragen

Anzahl Personen mit jedem Resultat

Ihre Resultats-Entwicklung

Sie haben dieses Quiz seit der letzten Aktualisierung nicht gespielt